000 00587nam a2200229Ia 4500
003 OSt
005 20220924152104.0
006 a|||||r|||| 00| 0
007 ta
008 220923b |||||||| |||| 00| 0 mar d
024 _a340816
037 _cTextual
040 _aARTS
_cARTS
_bmar
041 _2mar
_amar
082 _aO155,2NDE,1, K5
100 _adevsathali Au.
_9225824
245 0 _aVed lagale radhela
260 _c1965
650 _aMARATHI LITERATURE
_938000
942 _hO155,2NDE,1, K5
_cTEXL
_2CC
999 _c468718
_d468718